000 00704nam a2200217 4500
001 115985
003 ES-MaACL
005 20250911062837.0
007 t|
008 061121s1986 sp r ||||1| spa d
020 _a84-7522-206-4
100 1 _aPanero, Leopoldo María,
_d1948-2014
_988768
245 1 0 _aPoesía, 1970-1985 /
_cLeopoldo María Panero ; [introducción de Eugenio García Fernández].
260 _aMadrid :
_bVisor,
_c1986.
300 _a258 p. ;
_c20 cm.
490 1 _aColección Visor de poesía ;
_v206
700 1 _aGarcía Fernández, Eugenio.
_954595
830 0 _aColección Visor de poesía
_v206
_9177331
852 _aES-MaACL
_jL-11349
_bR.113097
999 _c115985
_d115985